[Event "K41 Aabent Mesterskab 2007-08"]
[Site "Valby"]
[Date "2008.03.11"]
[Round "9"]
[White "Eiholt, Bjarne"]
[Black "Mikkelsen, Henning Peter"]
[Result "0-1"]
[WhiteElo "1538"]
[BlackElo "1287"]
[PlyCount "116"]
[EventDate "2007.??.??"]

1. d4 d5 2. c4 Nf6 3. cxd5 Qxd5 4. Nc3 Qa5 5. Qc2 c6 6. e4 Bg4 7. f3 Bh5 8. Bd3
Bg6 9. Nge2 Nbd7 10. O-O e6 11. a3 Be7 12. Nf4 Qb6 13. Be3 e5 14. Nxg6 hxg6 15.
Qf2 Qc7 16. f4 Ng4 17. Qg3 Nxh2 18. fxe5 Nxf1 19. Rxf1 O-O-O 20. Rc1 Bh4 21.
Qg4 Kb8 22. Bf4 g5 23. Bh2 Bf2+ 24. Kxf2 Rxh2 25. Nd5 Qa5 26. Nb4 c5 27. e6
fxe6 28. Qg3+ Qc7 29. e5 Rf8+ 30. Ke2 Rh4 31. Qxg5 Rxd4 32. Nc2 Rdf4 33. Rh1
Nxe5 34. Qxf4 Rxf4 35. Rh8+ Qc8 36. Rxc8+ Kxc8 37. Ke3 Nxd3 38. Kxd3 Kd7 39.
Ke3 g5 40. g3 Rc4 41. Ne1 g4 42. Nd3 Kd6 43. Nf4 e5 44. Ne2 Rc2 45. b3 Rb2 46.
Nc1 Kd5 47. Kd3 Rg2 48. Ne2 b6 49. a4 Rf2 50. Nc3+ Ke6 51. Ne4 Rf3+ 52. Kc4 Re3
53. Ng5+ Kf5 54. Nf7 Rxg3 55. Nd6+ Kf4 56. Nb5 e4 57. Kd5 Rxb3 58. Kd6 g3 0-1

[Event "K41 Aabent Mesterskab 2007-08"]
[Site "Valby"]
[Date "2008.03.11"]
[Round "9"]
[White "Hou, Mads"]
[Black "Petersen, Jan Han Il Nam"]
[Result "1-0"]
[WhiteElo "1465"]
[BlackElo "1605"]
[PlyCount "29"]
[EventDate "2007.??.??"]

1. e4 c5 2. Nf3 Nc6 3. d4 cxd4 4. c3 dxc3 5. Nxc3 e5 6. Bc4 Be7 7. Qd5 Qa5 8.
Qxf7+ Kd8 9. Qxg7 Nd4 10. Qxh8 Bb4 11. Qxg8+ Kc7 12. O-O Nxf3+ 13. gxf3 Bxc3
14. bxc3 Qxc3 15. Be3 1-0

[Event "K41 Aabent Mesterskab 2007-08"]
[Site "Valby"]
[Date "2008.03.11"]
[Round "9"]
[White "Jorgensen, Carina Eilegaard"]
[Black "Taylor, Ralph"]
[Result "1-0"]
[WhiteElo "1863"]
[BlackElo "1840"]
[PlyCount "85"]
[EventDate "2007.??.??"]

1. f4 g6 2. Nf3 d5 3. g3 Bg7 4. Bg2 Nc6 5. d3 e5 6. Nc3 Nge7 7. O-O O-O 8. fxe5
Nxe5 9. Bg5 f6 10. Bd2 c6 11. Qc1 Nf5 12. e4 Nxf3+ 13. Bxf3 Ne7 14. exd5 Nxd5
15. Nxd5 cxd5 16. d4 Bh3 17. Re1 Rc8 18. c3 Qd7 19. Bh6 Rfe8 20. Bxg7 Kxg7 21.
Qf4 g5 22. Qd2 Bf5 23. Rxe8 Rxe8 24. Re1 Be4 25. Bxe4 dxe4 26. d5 Kg6 27. Qd4
f5 28. c4 b6 29. b4 h5 30. c5 bxc5 31. bxc5 h4 32. d6 hxg3 33. hxg3 Rc8 34. Rc1
Rc6 35. Rb1 a5 36. Rb8 Qa7 37. Rg8+ Kh5 38. d7 Rxc5 39. d8=Q Rc1+ 40. Kf2 e3+
41. Kxe3 f4+ 42. gxf4 gxf4+ 43. Kd2 1-0

[Event "K41 Aabent Mesterskab 2007-08"]
[Site "Valby"]
[Date "2008.03.11"]
[Round "9"]
[White "Jorgensen, Orla Eilegaard"]
[Black "Krogh, Soren"]
[Result "0-1"]
[WhiteElo "1447"]
[BlackElo "1087"]
[PlyCount "96"]
[EventDate "2007.??.??"]

1. e4 e5 2. c4 Nf6 3. Nc3 Bc5 4. d3 Nc6 5. h3 d6 6. Nf3 Be6 7. Be2 Qd7 8. a3 a6
9. b4 Ba7 10. Ng5 O-O 11. Nxe6 fxe6 12. O-O Bd4 13. Qc2 b5 14. cxb5 axb5 15.
Rb1 Bxc3 16. Qxc3 Nd4 17. Bd1 Rac8 18. Qd2 c5 19. bxc5 dxc5 20. Qg5 Qc7 21. Bb2
Rfd8 22. Rc1 c4 23. Re1 Qc5 24. Qd2 Rd7 25. a4 Rcd8 26. Bc3 Qb6 27. Ba5 Qc6 28.
Bxd8 Rxd8 29. axb5 Nxb5 30. Ba4 Qa6 31. Bxb5 Qxb5 32. Rxc4 Qxc4 33. Rd1 Qd4 34.
Qe2 Rb8 35. Rd2 h5 36. Rc2 h4 37. Kh2 Qa1 38. Ra2 Qc1 39. Rc2 Qf4+ 40. g3 hxg3+
41. fxg3 Qg5 42. Qf2 Qh5 43. Kg2 Rb1 44. Rc8+ Kh7 45. Qa2 Qd1 46. g4 Qg1+ 47.
Kf3 Rf1+ 48. Ke2 Qf2# 0-1

[Event "K41 Aabent Mesterskab 2007-08"]
[Site "Valby"]
[Date "2008.03.11"]
[Round "9"]
[White "Kristensen, Steffen Michael"]
[Black "Hansen, John Laurids"]
[Result "0-1"]
[WhiteElo "1159"]
[BlackElo "1660"]
[PlyCount "42"]
[EventDate "2007.??.??"]

1. e4 e5 2. Nf3 Nc6 3. Bc4 Bc5 4. d3 Nf6 5. O-O d6 6. h3 Na5 7. Bb3 Nxb3 8.
axb3 h6 9. Nc3 a6 10. d4 exd4 11. Nxd4 O-O 12. Qd3 Re8 13. Nf5 Bxf5 14. exf5
Qd7 15. Nd5 Ne4 16. Qf3 c6 17. Nc3 d5 18. Bxh6 gxh6 19. Nxe4 Rxe4 20. Rad1 Qc7
21. f6 Qe5 0-1

[Event "K41 Aabent Mesterskab 2007-08"]
[Site "Valby"]
[Date "2008.03.11"]
[Round "9"]
[White "Lofberg, Jan"]
[Black "Jorgensen, Kasper Moller"]
[Result "0-1"]
[WhiteElo "1918"]
[BlackElo "1965"]
[PlyCount "80"]
[EventDate "2007.??.??"]

1. c4 Nf6 2. Nc3 c5 3. Nf3 g6 4. g3 Bg7 5. Bg2 O-O 6. O-O d5 7. cxd5 Nxd5 8.
Nxd5 Qxd5 9. Ne1 Qd6 10. Qb3 Nc6 11. Nc2 Rb8 12. d3 e5 13. Qd5 Rd8 14. Qxd6
Rxd6 15. Be3 b6 16. Bxc6 Rxc6 17. Na3 Ba6 18. Nc4 e4 19. Bf4 Rd8 20. Rad1 exd3
21. exd3 Re6 22. b3 Bc3 23. a4 f6 24. Be3 Rd5 25. h4 Re8 26. Kh2 Red8 27. Kg1
Rxd3 28. Rxd3 Rxd3 29. Rc1 Bb4 30. a5 b5 31. Nb2 Rd5 32. Rd1 Rxd1+ 33. Nxd1 Bb7
34. Nb2 Be4 35. Kf1 Bc2 36. a6 Bxb3 37. Nd3 Bc4 38. Ke2 Kf7 39. Bd2 Bxd2 40.
Kxd2 Bxd3 0-1

[Event "K41 Aabent Mesterskab 2007-08"]
[Site "Valby"]
[Date "2008.03.11"]
[Round "9"]
[White "Madsen, Poul Henrik"]
[Black "Laursen, Niels Norskov"]
[Result "0-1"]
[WhiteElo "2100"]
[BlackElo "2170"]
[PlyCount "86"]
[EventDate "2007.??.??"]

1. d4 Nf6 2. Nf3 c5 3. e3 g6 4. c3 cxd4 5. exd4 Bg7 6. Bf4 O-O 7. Nbd2 b6 8.
Bc4 Ba6 9. Bxa6 Nxa6 10. O-O Nc7 11. Re1 d5 12. Qe2 e6 13. Ne5 Nce8 14. Ng4
Nxg4 15. Qxg4 Nd6 16. Qh3 Rc8 17. g4 b5 18. Qg3 Rc6 19. h4 b4 20. Kg2 bxc3 21.
bxc3 Nb5 22. Nb1 Qd7 23. a4 Nd6 24. Nd2 Rfc8 25. Re3 Nc4 26. Nxc4 Rxc4 27. Rh1
f6 28. g5 e5 29. gxf6 exf4 30. Qxf4 Rf8 31. Re7 Rxf6 32. Qb8+ Rc8 33. Rxd7 Rxb8
34. Rxd5 Rc8 35. Rc1 Rfc6 36. Ra5 Bxd4 37. Rd1 Bb6 38. Rb5 Rxc3 39. a5 R3c5 40.
Rdb1 Rxb5 41. Rxb5 Rc5 42. Rxc5 Bxc5 43. a6 Kf7 0-1

[Event "K41 Aabent Mesterskab 2007-08"]
[Site "Valby"]
[Date "2008.03.11"]
[Round "9"]
[White "Moller, Arne Vagn"]
[Black "Rasmussen, Morten(1956)"]
[Result "1/2-1/2"]
[WhiteElo "1723"]
[BlackElo "1753"]
[PlyCount "74"]
[EventDate "2007.??.??"]

1. e4 d5 2. exd5 Qxd5 3. Nc3 Qd6 4. b3 e5 5. Bb2 Nc6 6. Nb5 Qd8 7. Bc4 a6 8.
Nc3 Nf6 9. a4 Bc5 10. h3 O-O 11. Nge2 Re8 12. O-O Na5 13. Ng3 Nxc4 14. bxc4 a5
15. Nce4 Nxe4 16. Nxe4 Bb4 17. c5 Qd5 18. Qf3 Be6 19. c4 Qc6 20. d3 f6 21. Qg3
Bxc4 22. Nxf6+ Qxf6 23. dxc4 Bxc5 24. Rad1 Bd6 25. Qb3 Qf7 26. Rd5 b6 27. Rfd1
h6 28. Qd3 Rab8 29. Bc1 Rbd8 30. Be3 Be7 31. Qe4 Rxd5 32. Rxd5 Bf6 33. Qg4 Kh8
34. Rd7 Re7 35. Rd8+ Re8 36. Rd7 Re7 37. Rd8+ Re8 1/2-1/2

[Event "K41 Aabent Mesterskab 2007-08"]
[Site "Valby"]
[Date "2008.03.11"]
[Round "9"]
[White "Nielsen, Michael"]
[Black "Truelsen, Ole Illum"]
[Result "1-0"]
[WhiteElo "2058"]
[BlackElo "1821"]
[PlyCount "103"]
[EventDate "2007.??.??"]

1. d4 e6 2. Nf3 f5 3. c4 Nf6 4. Nc3 Be7 5. g3 O-O 6. Bg2 d6 7. b3 Nc6 8. O-O
Rb8 9. d5 Ne5 10. dxe6 Bxe6 11. Nd4 Bd7 12. e4 fxe4 13. Nxe4 c6 14. f4 Ng6 15.
Ng5 Ng4 16. Nge6 Qb6 17. Nxf8 Rxf8 18. Qd2 Bf6 19. Bb2 Ne7 20. Kh1 c5 21. Nf3
Bxb2 22. Qxb2 Ne3 23. Rf2 Nxg2 24. Kxg2 Bc6 25. Kg1 Nf5 26. Re1 Qa5 27. Qd2 Qd8
28. Ng5 Rf6 29. Qd3 h6 30. Nf3 Qd7 31. g4 Nd4 32. Nxd4 Qxg4+ 33. Qg3 Qxg3+ 34.
hxg3 cxd4 35. Rd2 d5 36. cxd5 Bxd5 37. Rxd4 Bc6 38. Re5 Kf7 39. Kf2 g5 40. Ke3
g4 41. b4 a6 42. Rd8 Bf3 43. f5 Rc6 44. Rc5 Rb6 45. a3 Ke7 46. Rh8 Rf6 47. Kf4
Kd6 48. Rd8+ Ke7 49. Rg8 Kd6 50. Rg6 Rxg6 51. fxg6 Ke7 52. Rf5 1-0

[Event "K41 Aabent Mesterskab 2007-08"]
[Site "Valby"]
[Date "2008.03.11"]
[Round "9"]
[White "Petersen, Steen Brustrup"]
[Black "Jorgensen, Rasmus"]
[Result "0-1"]
[WhiteElo "2136"]
[BlackElo "1607"]
[PlyCount "76"]
[EventDate "2007.??.??"]

1. e4 g6 2. d4 Bg7 3. Nc3 d6 4. Be3 a6 5. Nf3 b5 6. Qd2 Bb7 7. Bd3 Nd7 8. a4 b4
9. Ne2 c5 10. c3 Ngf6 11. Ng3 h5 12. e5 dxe5 13. dxe5 bxc3 14. bxc3 Nd5 15. Bf4
Nxf4 16. Qxf4 Bxf3 17. O-O Bd5 18. Qe3 Bxe5 19. Ne4 c4 20. Bc2 Qb6 21. Qxb6
Nxb6 22. a5 Nd7 23. Rad1 Bc6 24. f4 Bc7 25. f5 g5 26. Rfe1 O-O-O 27. Nxg5 Rhg8
28. Be4 Bxe4 29. Nxe4 Bxa5 30. Rb1 Ne5 31. Ng3 Bxc3 32. Re4 h4 33. Ne2 Nf3+ 34.
Kf2 Nd2 35. Nxc3 Nxe4+ 36. Nxe4 Rd4 37. Ke3 Rd3+ 38. Ke2 Rxg2+ 0-1

[Event "K41 Aabent Mesterskab 2007-08"]
[Site "Valby"]
[Date "2008.03.11"]
[Round "9"]
[White "Rasmussen, Janus Munck"]
[Black "Nielsen, John Holm"]
[Result "0-1"]
[WhiteElo "1705"]
[BlackElo "1877"]
[PlyCount "48"]
[EventDate "2007.??.??"]

1. e4 e5 2. Nf3 Nc6 3. Bc4 Bc5 4. b4 Bxb4 5. c3 Ba5 6. d4 exd4 7. O-O Nf6 8. e5
Ne4 9. cxd4 d5 10. exd6 Nxd6 11. Bd3 Bg4 12. Bb2 O-O 13. Qc2 Nb4 14. Bxh7+ Kh8
15. Qa4 Kxh7 16. Qxa5 Nc2 17. Ng5+ Kg8 18. f4 Nxa1 19. Bxa1 f6 20. Nf3 c6 21.
Qc5 Ne4 22. Qc2 Re8 23. Nbd2 Qd5 24. Nxe4 Rxe4 0-1

[Event "K41 Aabent Mesterskab 2007-08"]
[Site "Valby"]
[Date "2008.03.11"]
[Round "9"]
[White "Ringsborg, Allan"]
[Black "Nielsen, Jens Holm"]
[Result "0-1"]
[WhiteElo "1522"]
[BlackElo "1802"]
[PlyCount "82"]
[EventDate "2007.??.??"]

1. Nf3 d5 2. b3 Nf6 3. Bb2 c6 4. e3 Bg4 5. Be2 Nbd7 6. h3 Bxf3 7. Bxf3 e5 8.
O-O Bd6 9. d3 Qe7 10. e4 d4 11. Nd2 Ba3 12. Bxa3 Qxa3 13. Nc4 Qe7 14. a4 h5 15.
Qd2 Ng8 16. Qe2 Ngf6 17. Qd2 Nh7 18. Be2 g5 19. g3 h4 20. g4 Ndf8 21. Qc1 Ng6
22. Kh2 Nf4 23. Bd1 O-O 24. Qa3 c5 25. Rb1 a5 26. Qc1 Qc7 27. Qd2 Rfd8 28. Rh1
b6 29. Kg1 Nf6 30. f3 Ne8 31. Qf2 f6 32. Rh2 Qc6 33. Qd2 Nc7 34. Na3 b5 35.
axb5 Nxb5 36. Nc4 Nc3 37. Ra1 a4 38. bxa4 Rxa4 39. Rxa4 Qxa4 40. Rh1 Rb8 41.
Kh2 Rb1 0-1